Discovering statistics using IBM SPSS statistics : (Record no. 112873)
[ view plain ]
| 000 -LEADER | |
|---|---|
| fixed length control field | 00656cam a2200205 i 4500 |
| 001 - CONTROL NUMBER | |
| control field | 17389146 |
| 005 - DATE AND TIME OF LATEST TRANSACTION | |
| control field | 20190613104014.0 |
| 008 - FIXED-LENGTH DATA ELEMENTS--GENERAL INFORMATION | |
| fixed length control field | 120717s2013 caua b 001 0 eng |
| 020 ## - INTERNATIONAL STANDARD BOOK NUMBER | |
| International Standard Book Number | 9781446249178 (Cloth) |
| 020 ## - INTERNATIONAL STANDARD BOOK NUMBER | |
| International Standard Book Number | 9781446249185 (pbk) |
| 040 ## - CATALOGING SOURCE | |
| Transcribing agency | PK-LaUMT |
| 082 ## - DEWEY DECIMAL CLASSIFICATION NUMBER | |
| Classification number | 519.50285536 |
| Item number | FIE-D |
| 100 1# - MAIN ENTRY--PERSONAL NAME | |
| Personal name | Field, Andy |
| 245 10 - TITLE STATEMENT | |
| Title | Discovering statistics using IBM SPSS statistics : |
| Remainder of title | and sex and drugs and rock 'n' roll / |
| Statement of responsibility, etc | Andy Field |
| 250 ## - EDITION STATEMENT | |
| Edition statement | 4th ed. |
| 260 ## - PUBLICATION, DISTRIBUTION, ETC. (IMPRINT) | |
| Place of publication, distribution, etc | Los Angeles : |
| Name of publisher, distributor, etc | Sage, |
| Date of publication, distribution, etc | 2013 |
| 300 ## - PHYSICAL DESCRIPTION | |
| Extent | xxxvi, 915 p. : |
| Other physical details | illustrations ; |
| Dimensions | 28 cm |
| 650 #0 - SUBJECT ADDED ENTRY--TOPICAL TERM | |
| Topical term or geographic name as entry element | Social sciences |
| General subdivision | Statistical methods |
| -- | Computer programs. |
| 942 ## - ADDED ENTRY ELEMENTS (KOHA) | |
| Koha item type | Books |
| Withdrawn status | Lost status | Damaged status | Home library | Current library | Date acquired | Full call number | Barcode | Date last seen | Price effective from | Koha item type |
|---|---|---|---|---|---|---|---|---|---|---|
| UMT Main Campus | UMT Main Campus | 2019-06-13 | 519.50285536 FIE-D | 129266 | 2025-01-10 | 2019-06-13 | Books |
